<?xml version="1.0" encoding="UTF-8"?>
<record
    xmlns:xsi="http://www.w3.org/2001/XMLSchema-instance"
    xsi:schemaLocation="http://www.loc.gov/MARC21/slim http://www.loc.gov/standards/marcxml/schema/MARC21slim.xsd"
    xmlns="http://www.loc.gov/MARC21/slim">

  <leader>01032aaa a2200289   4500</leader>
  <controlfield tag="003">OSt</controlfield>
  <controlfield tag="005">20250424142530.0</controlfield>
  <controlfield tag="007">ta</controlfield>
  <controlfield tag="008">230204s2014    mx a||||||||| 001 0 spa d</controlfield>
  <datafield tag="020" ind1=" " ind2=" ">
    <subfield code="a">9786071718945</subfield>
  </datafield>
  <datafield tag="040" ind1=" " ind2=" ">
    <subfield code="c">CHAP</subfield>
  </datafield>
  <datafield tag="082" ind1="0" ind2="0">
    <subfield code="2">22</subfield>
    <subfield code="a">631.55</subfield>
    <subfield code="b">C83 2014</subfield>
  </datafield>
  <datafield tag="245" ind1="0" ind2="0">
    <subfield code="a">Cosechadoras de forrajes /</subfield>
    <subfield code="c">basado en el trabajo de Johan D. Berlijn ; colaboraci&#xF3;n Pieter M. Rijt...[y otros tres]</subfield>
  </datafield>
  <datafield tag="250" ind1=" " ind2=" ">
    <subfield code="a">Segunda edici&#xF3;n.</subfield>
  </datafield>
  <datafield tag="264" ind1=" " ind2="1">
    <subfield code="a">M&#xE9;xico :</subfield>
    <subfield code="b">Trillas,</subfield>
    <subfield code="c">2014.</subfield>
  </datafield>
  <datafield tag="300" ind1=" " ind2=" ">
    <subfield code="a">104 p&#xE1;ginas :</subfield>
    <subfield code="b">Ilustraciones</subfield>
  </datafield>
  <datafield tag="490" ind1="1" ind2=" ">
    <subfield code="a">Manuales para educaci&#xF3;n agropecuaria</subfield>
    <subfield code="v">Mec&#xE1;nica agr&#xED;cola</subfield>
  </datafield>
  <datafield tag="504" ind1=" " ind2=" ">
    <subfield code="a">Bibliograf&#xED;a p&#xE1;gina 104.</subfield>
  </datafield>
  <datafield tag="650" ind1=" " ind2="4">
    <subfield code="9">137264</subfield>
    <subfield code="a">Maquinaria agr&#xED;cola</subfield>
    <subfield code="x">Manuales</subfield>
  </datafield>
  <datafield tag="650" ind1=" " ind2="3">
    <subfield code="a">Cosechadoras de forrajes</subfield>
    <subfield code="9">137262</subfield>
  </datafield>
  <datafield tag="650" ind1=" " ind2="4">
    <subfield code="9">137263</subfield>
    <subfield code="a">Empacadoras</subfield>
    <subfield code="x">Manuales</subfield>
  </datafield>
  <datafield tag="650" ind1=" " ind2="4">
    <subfield code="9">137265</subfield>
    <subfield code="a">Segadoras</subfield>
    <subfield code="x"> Manuales</subfield>
  </datafield>
  <datafield tag="700" ind1="1" ind2=" ">
    <subfield code="9">11826</subfield>
    <subfield code="a">Berlijn, Johan D.</subfield>
  </datafield>
  <datafield tag="700" ind1="1" ind2=" ">
    <subfield code="9">187504</subfield>
    <subfield code="a">Rijt, Pieter M.</subfield>
    <subfield code="e">colaborador.</subfield>
  </datafield>
  <datafield tag="830" ind1=" " ind2="0">
    <subfield code="9">142161</subfield>
    <subfield code="a">Manuales para educaci&#xF3;n agropecuaria</subfield>
    <subfield code="v">Mec&#xE1;nica agr&#xED;cola</subfield>
  </datafield>
  <datafield tag="942" ind1=" " ind2=" ">
    <subfield code="c">Libro</subfield>
    <subfield code="2">ddc</subfield>
  </datafield>
  <datafield tag="999" ind1=" " ind2=" ">
    <subfield code="c">218248</subfield>
    <subfield code="d">218248</subfield>
  </datafield>
  <datafield tag="952" ind1=" " ind2=" ">
    <subfield code="0">0</subfield>
    <subfield code="1">0</subfield>
    <subfield code="2">ddc</subfield>
    <subfield code="4">0</subfield>
    <subfield code="5">2</subfield>
    <subfield code="7">0</subfield>
    <subfield code="8">GRAL</subfield>
    <subfield code="a">BC</subfield>
    <subfield code="b">BC</subfield>
    <subfield code="c">PP_GRAL</subfield>
    <subfield code="d">2023-07-04</subfield>
    <subfield code="l">1</subfield>
    <subfield code="o">631.55 C83 2014</subfield>
    <subfield code="p">33724002575587</subfield>
    <subfield code="r">2024-06-11 00:00:00</subfield>
    <subfield code="s">2024-05-31</subfield>
    <subfield code="w">2023-04-07</subfield>
    <subfield code="y">LIBRO</subfield>
  </datafield>
  <datafield tag="952" ind1=" " ind2=" ">
    <subfield code="0">0</subfield>
    <subfield code="1">0</subfield>
    <subfield code="2">ddc</subfield>
    <subfield code="4">0</subfield>
    <subfield code="5">2</subfield>
    <subfield code="7">0</subfield>
    <subfield code="8">GRAL</subfield>
    <subfield code="a">BC</subfield>
    <subfield code="b">BC</subfield>
    <subfield code="c">PP_GRAL</subfield>
    <subfield code="d">2023-07-04</subfield>
    <subfield code="l">0</subfield>
    <subfield code="o">631.55 C83 2014</subfield>
    <subfield code="p">33724002575629</subfield>
    <subfield code="r">2023-07-04 00:00:00</subfield>
    <subfield code="t">c.2</subfield>
    <subfield code="w">2023-04-07</subfield>
    <subfield code="y">LIBRO</subfield>
  </datafield>
</record>
